000 00644nam a2200205Ia 4500
003 GCL
008 140319s9999 xx 000 0 ara d
040 _aGCL /
_cGCL
082 0 4 _a398.9
_bن م
100 1 _aلنية الدامورى
245 1 0 _aالمختار من طرائف الامثال والاخبار /
_cلنية الدامورى
260 _a[S.N] :
_bالشركة العالمية للكتاب ش م ل ،
_c1987
300 _a225
490 _a
650 0 4 _aالادب العربى
650 0 4 _aالامثال العربية
650 0 4 _aالاهاجى والفكاهات
650 0 4 _aالحكم
942 _2ddc
_cBK
999 _c42888
_d42888